Richard Wagner

Salvato in:
Dettagli Bibliografici
Autore principale: Lindau, Paul (autor)
Natura: Libro
Lingua:francese
Pubblicazione: París Louis Westhausser 1887
Soggetti:
Tags: Aggiungi Tag
Nessun Tag, puoi essere il primo ad aggiungerne!!

MARC

LEADER 00000nam a2200000 a 4500
001 UCN2383
003 CL-VaPUC
008 010518e18870000FR |||||||||||||||||fre|d
082 0 4 |a 780.92  |b LIN  |2 21 
100 |a Lindau, Paul  |e autor  |9 458190 
245 1 0 |a Richard Wagner 
300 |a 239 p 
942 |c BK 
945 |d 20010518 00:00:00  |a crobeson 
260 |a París  |b Louis Westhausser  |c 1887 
600 0 |a Wagner, Wilhelm Richard  |9 265759 
650 0 |a Compositores alemanes  |9 324765 
650 0 |a Ópera alemana  |9 306436 
650 0 |a Romanticismo en la música  |9 306753 
650 7 |a MUSICA SIGLO 19  |2 CL-VaPUC  |9 458191 
583 |a last modification  |c 20010518 00:00:00  |k Rodrigo Vera 
999 |c 295486  |d 295484 
952 |0 0  |1 0  |4 0  |6 780_920000000000000_LIN_1887  |7 0  |8 A  |9 348710  |a BIBEDU  |b BIBEDU  |d 2019-11-20  |i 1182994  |o 780.92 LIN 1887  |p 1182994  |r 2023-01-12  |w 2019-11-20  |y BK  |k MUS